[Event "Tradewise Gibraltar AmatWk1"]
[Site "Gibraltar"]
[Date "2016.01.27"]
[Round "3.6"]
[White "Gonzalez Pabollet, Jesus Maria"]
[Black "Gunn, Michael J"]
[Result "1-0"]
[WhiteElo "1854"]
[BlackElo "1632"]
[PlyCount "135"]
[EventDate "2016.01.25"]
[EventType "swiss"]
[EventRounds "5"]
[EventCountry "GGB"]
[SourceTitle "BritBase"]
[Source "www.saund.co.uk"]
[SourceDate "2018.02.10"]
[SourceVersion "1"]
[SourceVersionDate "2018.02.10"]
[SourceQuality "1"]

1. e4 d5 2. exd5 Qxd5 3. d4 Nf6 4. Nf3 Bg4 5. Be2 c6 6. c4 Qd8 7. Nc3 e6 8. O-O
Be7 9. h3 Bxf3 10. Bxf3 O-O 11. Re1 Qc7 12. Be3 Rd8 13. Qe2 Nbd7 14. g3 Nf8 15.
d5 Bb4 16. dxc6 bxc6 17. Bf4 Bd6 18. Bxd6 Rxd6 19. Nb5 cxb5 20. Bxa8 Qd8 21.
Bg2 Rd2 22. Qf1 Rxb2 23. cxb5 Qb6 24. a4 Qa5 25. Re2 Rb3 26. Qe1 Qb6 27. Kh2 g6
28. Qd1 Rc3 29. Qd2 Qc5 30. Ra2 N8d7 31. Rc2 Rxc2 32. Qxc2 Qb4 33. Rd2 Nb6 34.
Qb2 Qxb2 35. Rxb2 Nxa4 36. Ra2 Nc3 37. Ra5 Nfd5 38. Bxd5 exd5 39. Rxa7 Nxb5 40.
Ra5 Nc3 41. Rc5 d4 42. Kg2 f5 43. Rc8+ Kg7 44. Rd8 Ne4 45. Rxd4 g5 46. f3 Nf6
47. Ra4 h5 48. Ra5 Kg6 49. Rb5 g4 50. Rb6 Kf7 51. Rb7+ Kg6 52. hxg4 hxg4 53. f4
Ne4 54. Rb6+ Kf7 55. Rh6 Kg7 56. Ra6 Kf7 57. Ra3 Kg6 58. Kf1 Kf6 59. Ke2 Ke6
60. Rd3 Kf6 61. Re3 Nd6 62. Kd3 Nb5 63. Kc4 Nd6+ 64. Kd5 Ne4 65. Rxe4 fxe4 66.
Kxe4 Ke6 67. f5+ Kf6 68. Kf4 1-0

[Event "Tradewise Gibraltar AmatWk1"]
[Site "Gibraltar"]
[Date "2016.01.27"]
[Round "3.8"]
[White "Hodgson, Jeremy K"]
[Black "Kuenitz, Klaus"]
[Result "1/2-1/2"]
[WhiteElo "1818"]
[BlackElo "1778"]
[PlyCount "135"]
[EventDate "2016.01.25"]
[EventType "swiss"]
[EventRounds "5"]
[EventCountry "GGB"]
[SourceTitle "BritBase"]
[Source "www.saund.co.uk"]
[SourceDate "2018.02.10"]
[SourceVersion "1"]
[SourceVersionDate "2018.02.10"]
[SourceQuality "1"]

1. c4 f5 2. Nc3 e5 3. d4 exd4 4. Qxd4 Nc6 5. Qd1 Nf6 6. Nf3 Bc5 7. e3 O-O 8.
Bd3 Ng4 9. O-O Nce5 10. Be2 c6 11. h3 Nxf3+ 12. Bxf3 Ne5 13. Be2 d6 14. Na4 Bb4
15. Bd2 Bxd2 16. Qxd2 Be6 17. b3 Qe7 18. Nc3 Rad8 19. f4 Ng6 20. Bh5 d5 21.
cxd5 Bxd5 22. Nxd5 Rxd5 23. Qc3 Re8 24. Bxg6 hxg6 25. Rae1 Red8 26. Rf2 Qe4 27.
Qc4 Qxc4 28. bxc4 Rd1 29. Kf1 Kf7 30. Rb2 b6 31. Rxd1 Rxd1+ 32. Ke2 Rd7 33. Kf3
Ke6 34. g4 Rd1 35. gxf5+ gxf5 36. Re2 Rh1 37. Kg2 Ra1 38. Kf3 Rd1 39. Rg2 Kf6
40. Rc2 Rd8 41. Rc3 Rh8 42. Kg3 Ke6 43. Ra3 Ra8 44. Kf3 Kd6 45. e4 fxe4+ 46.
Kxe4 Kc5 47. Kf5 a5 48. Kg6 Ra7 49. Rc3 Kd4 50. Rc1 a4 51. f5 a3 52. Rb1 Rb7
53. Rc1 Kd3 54. h4 b5 55. cxb5 cxb5 56. h5 b4 57. Rb1 b3 58. axb3 Kc2 59. Rf1
a2 60. b4 Kb2 61. Rf2+ Kb3 62. Rf3+ Kxb4 63. Rf4+ Kb3 64. Rf3+ Kb2 65. Rf2+ Ka3
66. Rxa2+ Kxa2 67. h6 gxh6 68. Kxh6 1/2-1/2

[Event "Tradewise Gibraltar AmatWk1"]
[Site "Gibraltar"]
[Date "2016.01.27"]
[Round "3.9"]
[White "Boabaid, Jorge Alberto Duard"]
[Black "Dennis, Nigel W"]
[Result "0-1"]
[WhiteElo "1895"]
[BlackElo "1820"]
[PlyCount "76"]
[EventDate "2016.01.25"]
[EventType "swiss"]
[EventRounds "5"]
[EventCountry "GGB"]
[SourceTitle "BritBase"]
[Source "www.saund.co.uk"]
[SourceDate "2018.02.10"]
[SourceVersion "1"]
[SourceVersionDate "2018.02.10"]
[SourceQuality "1"]

1. e4 c5 2. Nf3 d6 3. d4 cxd4 4. Nxd4 Nf6 5. Nc3 e6 6. Bg5 Be7 7. f4 h6 8. Bh4
Nxe4 9. Bb5+ Bd7 10. Nxe4 Bxh4+ 11. g3 Be7 12. Qd2 O-O 13. Bd3 Nc6 14. Nf3 Qb6
15. c3 Rfd8 16. g4 e5 17. g5 d5 18. Nf6+ gxf6 19. gxf6 Bxf6 20. Rg1+ Kh8 21.
fxe5 Bh4+ 22. Kd1 Nxe5 23. Nxe5 Qxg1+ 24. Kc2 Qf2 25. Nxf7+ Kg7 26. Qxf2 Bxf2
27. Ne5 Bh3 28. a4 Re8 29. Ng6 Re1 30. Ra3 Bf1 31. Nf4 Bxd3+ 32. Nxd3 Re2+ 33.
Kd1 Rae8 34. Rb3 b6 35. Rb4 Kh7 36. Rg4 Be1 37. Nf4 Rxb2 38. Nh5 Bxc3 0-1

[Event "Tradewise Gibraltar AmatWk1"]
[Site "Gibraltar"]
[Date "2016.01.27"]
[Round "3.10"]
[White "Bajer, Renato"]
[Black "Longdin, Michael"]
[Result "1/2-1/2"]
[WhiteElo "1890"]
[BlackElo "1813"]
[PlyCount "53"]
[EventDate "2016.01.25"]
[EventType "swiss"]
[EventRounds "5"]
[EventCountry "GGB"]
[SourceTitle "BritBase"]
[Source "www.saund.co.uk"]
[SourceDate "2018.02.10"]
[SourceVersion "1"]
[SourceVersionDate "2018.02.10"]
[SourceQuality "1"]

1. e4 c5 2. Nf3 Nc6 3. d4 cxd4 4. Nxd4 e5 5. Nb5 d6 6. N5c3 a6 7. Na3 f5 8. Bd3
f4 9. g3 Nf6 10. gxf4 exf4 11. Bxf4 Be7 12. Rg1 O-O 13. Bh6 Ng4 14. Rxg4 Bxg4
15. Qxg4 Bf6 16. O-O-O Bxc3 17. bxc3 Qf6 18. Bd2 Ne5 19. Qh3 b5 20. f4 Nxd3+
21. cxd3 b4 22. Nc2 bxc3 23. Be3 Qf7 24. Rg1 Qxa2 25. Rxg7+ Kxg7 26. Qd7+ Kg8
27. Qg4+ 1/2-1/2

[Event "Tradewise Gibraltar AmatWk1"]
[Site "Gibraltar"]
[Date "2016.01.27"]
[Round "3.12"]
[White "Guegan, Michel"]
[Black "Iglesias Fernandez, Luis"]
[Result "0-1"]
[WhiteElo "1786"]
[BlackElo "1862"]
[PlyCount "68"]
[EventDate "2016.01.25"]
[EventType "swiss"]
[EventRounds "5"]
[EventCountry "GGB"]
[SourceTitle "BritBase"]
[Source "www.saund.co.uk"]
[SourceDate "2018.02.10"]
[SourceVersion "1"]
[SourceVersionDate "2018.02.10"]
[SourceQuality "1"]

1. e4 g6 2. d4 Bg7 3. Nf3 d6 4. Be3 Nf6 5. Nc3 Ng4 6. Bg5 c5 7. Bb5+ Bd7 8.
Bxd7+ Nxd7 9. O-O h6 10. Bh4 cxd4 11. Nxd4 Ngf6 12. Kh1 Nc5 13. Re1 Qb6 14. Nd5
Nxd5 15. exd5 O-O 16. Bxe7 Qxb2 17. Bxf8 Kxf8 18. Nb3 Na4 19. Qe2 Rc8 20. Qe7+
Kg8 21. Qd7 Nb6 22. Re8+ Rxe8 23. Qxe8+ Kh7 24. Qe4 Qa3 25. Rd1 Qxa2 26. h4 a5
27. h5 a4 28. hxg6+ fxg6 29. Nd4 Nxd5 30. Ne6 Nc3 31. Qxb7 Qxe6 32. Rd3 a3 33.
Qb4 Qe1+ 34. Kh2 a2 0-1

[Event "Tradewise Gibraltar AmatWk1"]
[Site "Gibraltar"]
[Date "2016.01.27"]
[Round "3.13"]
[White "D'haluin, Wim"]
[Black "White, Gary"]
[Result "0-1"]
[WhiteElo "1846"]
[BlackElo "1690"]
[PlyCount "74"]
[EventDate "2016.01.25"]
[EventType "swiss"]
[EventRounds "5"]
[EventCountry "GGB"]
[SourceTitle "BritBase"]
[Source "www.saund.co.uk"]
[SourceDate "2018.02.10"]
[SourceVersion "1"]
[SourceVersionDate "2018.02.10"]
[SourceQuality "1"]

1. d4 f5 2. Nf3 Nf6 3. h3 e6 4. Bf4 Be7 5. e3 O-O 6. Be2 d6 7. c4 Qe8 8. Nc3
Nbd7 9. Nb5 Bd8 10. O-O e5 11. dxe5 dxe5 12. Bh2 a6 13. Nc3 c6 14. Qc2 e4 15.
Nd4 Ne5 16. Rad1 Bc7 17. Rd2 Qg6 18. Kh1 Qh6 19. Kg1 c5 20. Nb3 Nf3+ 21. Bxf3
Bxh2+ 22. Kxh2 exf3 23. Rh1 f4 24. e4 fxg2 25. Kxg2 Qg5+ 26. Kh2 Ng4+ 27. hxg4
Qxg4 28. Nd5 Be6 29. Qd1 f3 30. Ne3 Qxe4 31. Nxc5 Qe5+ 32. Kg1 Qxc5 33. Qc2
Qg5+ 34. Kf1 Bf5 35. Qb3 Rad8 36. c5+ Kh8 37. Rd6 Rde8 0-1

[Event "Tradewise Gibraltar AmatWk1"]
[Site "Gibraltar"]
[Date "2016.01.27"]
[Round "3.14"]
[White "Kearsley, Raymond J"]
[Black "Ledezma Panades, Hernan Javier"]
[Result "0-1"]
[WhiteElo "1709"]
[BlackElo "1846"]
[PlyCount "62"]
[EventDate "2016.01.25"]
[EventType "swiss"]
[EventRounds "5"]
[EventCountry "GGB"]
[SourceTitle "BritBase"]
[Source "www.saund.co.uk"]
[SourceDate "2018.02.10"]
[SourceVersion "1"]
[SourceVersionDate "2018.02.10"]
[SourceQuality "1"]

1. e4 c5 2. Nf3 Nc6 3. Bb5 g6 4. O-O Bg7 5. c3 Nf6 6. Qe2 O-O 7. Rd1 a6 8. Bxc6
bxc6 9. d3 Qc7 10. h3 Rd8 11. Be3 d6 12. Na3 Be6 13. Bf4 Nh5 14. Bh2 Bh6 15.
Nh4 Qd7 16. Qf3 Bg5 17. Bg3 Nxg3 18. Qxg3 Bf6 19. Nc4 Rab8 20. Rab1 Bxc4 21.
dxc4 Qe6 22. f4 Qxe4 23. Re1 Qxc4 24. Nf5 Qxa2 25. b4 Kf8 26. Ra1 Qb3 27. Nh6
Qxc3 28. Qg4 cxb4 29. Rac1 Qd4+ 30. Kh2 Bg7 31. Qh4 Qf6 0-1

[Event "Tradewise Gibraltar AmatWk1"]
[Site "Gibraltar"]
[Date "2016.01.27"]
[Round "3.16"]
[White "Mrabti, Yahya"]
[Black "Christophe-Hayot, Romain"]
[Result "0-1"]
[WhiteElo "1780"]
[BlackElo "1824"]
[PlyCount "98"]
[EventDate "2016.01.25"]
[EventType "swiss"]
[EventRounds "5"]
[EventCountry "GGB"]
[SourceTitle "BritBase"]
[Source "www.saund.co.uk"]
[SourceDate "2018.02.10"]
[SourceVersion "1"]
[SourceVersionDate "2018.02.10"]
[SourceQuality "1"]

1. e4 d5 2. exd5 Nf6 3. Nc3 c6 4. dxc6 Nxc6 5. Nf3 e5 6. Bb5 Bd6 7. d4 e4 8.
Ng5 Bg4 9. Qd2 O-O 10. Bxc6 bxc6 11. O-O Re8 12. f3 exf3 13. Nxf3 Qc7 14. h3
Bh5 15. Qg5 h6 16. Qd2 Rad8 17. g4 Bg6 18. Qg2 Ne4 19. Nxe4 Bxe4 20. b3 Re6 21.
Bb2 Rde8 22. Qf2 f5 23. Ne5 Rf8 24. Qe2 Qe7 25. Qc4 Bd5 26. Nxc6 Qd7 27. Qd3
Qxc6 28. c4 Be4 29. Qc3 Qc7 30. Rf2 Bg3 31. Raf1 f4 32. d5 Ree8 33. d6 Qd7 34.
c5 Ba8 35. Rc2 Bc6 36. b4 Re3 37. Qd4 Rf7 38. Qc4 Re4 39. Qc3 a6 40. Qd3 Rxb4
41. Qxa6 f3 42. Bc3 Ra4 43. Qd3 f2+ 44. Rcxf2 Bxf2+ 45. Rxf2 Rxf2 46. Kxf2
Rxa2+ 47. Kg3 Rg2+ 48. Kh4 Qd8+ 49. Kh5 Qg5# 0-1

[Event "Tradewise Gibraltar AmatWk1"]
[Site "Gibraltar"]
[Date "2016.01.27"]
[Round "3.17"]
[White "Kirkwood, Robin"]
[Black "Lopez Diaz, Rafael"]
[Result "0-1"]
[WhiteElo "1653"]
[BlackElo "1854"]
[PlyCount "67"]
[EventDate "2016.01.25"]
[EventType "swiss"]
[EventRounds "5"]
[EventCountry "GGB"]
[SourceTitle "BritBase"]
[Source "www.saund.co.uk"]
[SourceDate "2018.02.10"]
[SourceVersion "1"]
[SourceVersionDate "2018.02.10"]
[SourceQuality "1"]

1. b3 e5 2. Bb2 Nc6 3. e3 Nf6 4. Bb5 d6 5. Ne2 Bd7 6. Ng3 h5 7. Nc3 h4 8. Nge4
Nxe4 9. Nxe4 f5 10. Nc3 Qg5 11. Rg1 O-O-O 12. Qe2 a6 13. Bxa6 bxa6 14. Qxa6+
Kb8 15. Qb5+ Ka8 16. Nd5 Rc8 17. Qa4+ Kb7 18. Qb5+ Ka8 19. d4 Qd8 20. Qa6+ Na7
21. dxe5 Bb5 22. Qa5 c6 23. Qxd8 Rxd8 24. Nc7+ Kb7 25. Ne6 Re8 26. Nxf8 Rhxf8
27. exd6 Rf7 28. O-O-O c5 29. Rge1 Bc6 30. f3 h3 31. e4 fxe4 32. fxe4 hxg2 33.
Rg1 Bxe4 34. Rde1 0-1

[Event "Tradewise Gibraltar AmatWk1"]
[Site "Gibraltar"]
[Date "2016.01.27"]
[Round "3.18"]
[White "Oliva Parra, Ernesto"]
[Black "Chidi, Lovinia Sylvia"]
[Result "1-0"]
[WhiteElo "1602"]
[BlackElo "1780"]
[PlyCount "75"]
[EventDate "2016.01.25"]
[EventType "swiss"]
[EventRounds "5"]
[EventCountry "GGB"]
[SourceTitle "BritBase"]
[Source "www.saund.co.uk"]
[SourceDate "2018.02.10"]
[SourceVersion "1"]
[SourceVersionDate "2018.02.10"]
[SourceQuality "1"]

1. e4 c6 2. d4 d5 3. e5 e6 4. Nf3 c5 5. c3 Nc6 6. a3 cxd4 7. cxd4 g6 8. Be2 Bg7
9. O-O Nge7 10. Bg5 h6 11. Be3 O-O 12. Qd2 Kh7 13. h3 Bd7 14. Bd3 Nf5 15. Bc2
Rc8 16. Nc3 Rh8 17. Bf4 Kg8 18. Rfe1 Be8 19. Rac1 a6 20. Na4 b6 21. Red1 Kh7
22. Qd3 Nb8 23. Nc3 b5 24. Qd2 Nd7 25. Ne2 Nb6 26. b3 Nd7 27. Nh2 Kg8 28. Ng3
f6 29. Ng4 fxe5 30. dxe5 g5 31. Nxf5 exf5 32. Bxf5 Rxc1 33. Rxc1 gxf4 34. Qxd5+
Kf8 35. e6 h5 36. exd7 Bxd7 37. Bxd7 Qa5 38. Qf5+ 1-0

[Event "Tradewise Gibraltar AmatWk1"]
[Site "Gibraltar"]
[Date "2016.01.27"]
[Round "3.20"]
[White "Bullock, Lee"]
[Black "Turp, Hueseyin"]
[Result "0-1"]
[WhiteElo "1549"]
[BlackElo "1688"]
[PlyCount "101"]
[EventDate "2016.01.25"]
[EventType "swiss"]
[EventRounds "5"]
[EventCountry "GGB"]
[SourceTitle "BritBase"]
[Source "www.saund.co.uk"]
[SourceDate "2018.02.10"]
[SourceVersion "1"]
[SourceVersionDate "2018.02.10"]
[SourceQuality "1"]

1. Nf3 d5 2. d4 Nf6 3. c4 c6 4. Nc3 Bf5 5. Bf4 e6 6. e3 Nbd7 7. a3 h6 8. Be2
Be7 9. O-O O-O 10. h3 Re8 11. cxd5 exd5 12. Rc1 Bf8 13. Ne5 Nxe5 14. Bxe5 Nd7
15. Bf4 Nf6 16. Qa4 Nh7 17. b4 a6 18. Qb3 Bd7 19. Bd3 Ng5 20. Rfe1 Ne6 21. Be5
Qg5 22. Bg3 h5 23. h4 Qd8 24. Qc2 Be7 25. f4 Bxh4 26. Qf2 Bf6 27. Qf3 h4 28.
Bf2 Qe7 29. Na4 Qd8 30. Qh5 Nf8 31. f5 Bg5 32. Nc5 Bc8 33. Be2 Rb8 34. Rcd1
Bxf5 35. e4 Bxe4 36. Nxe4 Rxe4 37. Bd3 Rxe1+ 38. Rxe1 g6 39. Qg4 Kg7 40. g3
hxg3 41. Bxg3 Bf6 42. Kg2 Ra8 43. Rh1 Kg8 44. Qh3 Bxd4 45. Bh4 Qd6 46. Bg3 Qf6
47. Rf1 Qg5 48. Qh2 Qd2+ 49. Bf2 Qxd3 50. Bxd4 Qxd4 51. Qd6 0-1

[Event "Tradewise Gibraltar AmatWk1"]
[Site "Gibraltar"]
[Date "2016.01.27"]
[Round "3.21"]
[White "Crouch, Timothy J"]
[Black "Ristoja, Aulikki"]
[Result "1-0"]
[WhiteElo "1541"]
[BlackElo "1644"]
[PlyCount "67"]
[EventDate "2016.01.25"]
[EventType "swiss"]
[EventRounds "5"]
[EventCountry "GGB"]
[SourceTitle "BritBase"]
[Source "www.saund.co.uk"]
[SourceDate "2018.02.10"]
[SourceVersion "1"]
[SourceVersionDate "2018.02.10"]
[SourceQuality "1"]

1. e4 d5 2. exd5 Qxd5 3. Nf3 Bg4 4. Be2 c6 5. Nc3 Qa5 6. O-O Nd7 7. d3 Ngf6 8.
Bd2 Qc7 9. h3 Bxf3 10. Bxf3 e6 11. Re1 h6 12. Ne4 Nxe4 13. Bxe4 Nf6 14. Bc3
O-O-O 15. Bf3 Be7 16. Qe2 Rhg8 17. Be5 Qd7 18. Qe3 b6 19. d4 Nd5 20. Qb3 Bd6
21. c4 Ne7 22. d5 exd5 23. cxd5 c5 24. Bc3 Bb8 25. Rad1 Rde8 26. Be2 f6 27. Bb5
Qd6 28. g3 Ref8 29. Re6 c4 30. Ba6+ Kc7 31. Qxc4+ Qc5 32. d6+ Kd8 33. dxe7+ Kc7
34. Qf4+ 1-0

[Event "Tradewise Gibraltar AmatWk1"]
[Site "Gibraltar"]
[Date "2016.01.27"]
[Round "3.22"]
[White "Tveten, Per"]
[Black "Minor, Harry"]
[Result "1-0"]
[WhiteElo "1535"]
[BlackElo "1635"]
[PlyCount "80"]
[EventDate "2016.01.25"]
[EventType "swiss"]
[EventRounds "5"]
[EventCountry "GGB"]
[SourceTitle "BritBase"]
[Source "www.saund.co.uk"]
[SourceDate "2018.02.10"]
[SourceVersion "1"]
[SourceVersionDate "2018.02.10"]
[SourceQuality "1"]

1. e4 g6 2. Nf3 Bg7 3. Nc3 d6 4. h3 a6 5. Bc4 b5 6. Bb3 Bb7 7. a3 Bxc3 8. bxc3
Bxe4 9. d3 Bb7 10. O-O Nd7 11. Re1 Nc5 12. Ba2 e6 13. d4 Ne4 14. Qd3 d5 15. Ne5
f6 16. Ng4 Qd7 17. f3 Ng3 18. Qe3 Kf7 19. Qf4 Nf5 20. Bd2 g5 21. Qh2 Ngh6 22.
Bxg5 Nxg4 23. hxg4 Ng7 24. Qf4 Qe7 25. Re2 Rae8 26. Bb3 c6 27. a4 Ra8 28. Rae1
Rhe8 29. Bh6 Bc8 30. Kf2 Kg8 31. Rh1 e5 32. Qh2 Ra7 33. Bd2 Ne6 34. dxe5 Qc5+
35. Kf1 bxa4 36. Bxa4 Rb7 37. Re1 Qc4+ 38. Kf2 Qxa4 39. Ra1 Qxc2 40. Ke2 Qb2
1-0

[Event "Tradewise Gibraltar AmatWk1"]
[Site "Gibraltar"]
[Date "2016.01.28"]
[Round "4.2"]
[White "Gonzalez Pabollet, Jesus Maria"]
[Black "Wilson, Matthew R"]
[Result "1/2-1/2"]
[WhiteElo "1854"]
[BlackElo "1873"]
[PlyCount "82"]
[EventDate "2016.01.25"]
[EventType "swiss"]
[EventRounds "5"]
[EventCountry "GGB"]
[SourceTitle "BritBase"]
[Source "www.saund.co.uk"]
[SourceDate "2018.02.10"]
[SourceVersion "1"]
[SourceVersionDate "2018.02.10"]
[SourceQuality "1"]

1. e4 c5 2. Nf3 e6 3. d4 cxd4 4. Nxd4 a6 5. Nc3 Qc7 6. Bd3 Nf6 7. O-O b5 8. Be3
Bb7 9. a3 d6 10. Qe2 Be7 11. Rad1 Nbd7 12. f3 O-O 13. Qf2 Ne5 14. Be2 Nc4 15.
Bxc4 Qxc4 16. Qe2 Qc7 17. Qf2 d5 18. exd5 Nxd5 19. Nxd5 Bxd5 20. Rd2 Rab8 21.
Rfd1 h6 22. Nf5 Bf6 23. Bd4 Bxd4 24. Rxd4 exf5 25. Rxd5 Rfd8 26. c3 Rxd5 27.
Rxd5 Rd8 28. Rxd8+ Qxd8 29. Qd4 Qe7 30. Kf2 Qe6 31. Qd8+ Kh7 32. Qd3 g6 33. Qe2
Qd6 34. g3 Kg7 35. f4 Qd7 36. Qe5+ Kg8 37. Qd4 Qe6 38. Qe5 Qb6+ 39. Qd4 Qe6 40.
Qe5 Qb6+ 41. Qd4 Qe6 1/2-1/2

[Event "Tradewise Gibraltar AmatWk1"]
[Site "Gibraltar"]
[Date "2016.01.28"]
[Round "4.3"]
[White "Odiase, Oluwaseun"]
[Black "Schimmer, Michael"]
[Result "1-0"]
[WhiteElo "1834"]
[BlackElo "1782"]
[PlyCount "95"]
[EventDate "2016.01.25"]
[EventType "swiss"]
[EventRounds "5"]
[EventCountry "GGB"]
[SourceTitle "BritBase"]
[Source "www.saund.co.uk"]
[SourceDate "2018.02.10"]
[SourceVersion "1"]
[SourceVersionDate "2018.02.10"]
[SourceQuality "1"]

1. g3 c5 2. Bg2 Nc6 3. e4 d6 4. f4 g6 5. c3 Bg7 6. Nf3 Nf6 7. Qe2 O-O 8. O-O
Rb8 9. Na3 a6 10. d4 cxd4 11. cxd4 e6 12. Kh1 b5 13. Rd1 Re8 14. b3 Bb7 15. Bb2
Qd7 16. Ne5 Qe7 17. Nxc6 Bxc6 18. Rac1 Bb7 19. Rc2 Rbc8 20. Rdc1 Qd7 21. Nb1
Rxc2 22. Rxc2 Rc8 23. Rxc8+ Qxc8 24. Nc3 Qc7 25. h3 h5 26. e5 Ne8 27. Ne4 Bf8
28. g4 h4 29. Qf2 Be7 30. f5 Qc8 31. fxg6 fxg6 32. Nf6+ Bxf6 33. exf6 Bxg2+ 34.
Kxg2 Qb7+ 35. Kg1 Kf7 36. Bc1 Qe4 37. Bg5 Nc7 38. Bxh4 Nd5 39. Bg3 Nc3 40. Bxd6
Ne2+ 41. Kf1 Nxd4 42. Kg1 Nf3+ 43. Kg2 Ne1+ 44. Kf1 Qh1+ 45. Ke2 Qe4+ 46. Qe3
Qb1 47. Qa7+ Kxf6 48. Qe7# 1-0

[Event "Tradewise Gibraltar AmatWk1"]
[Site "Gibraltar"]
[Date "2016.01.28"]
[Round "4.4"]
[White "Hermes, Geoff R"]
[Black "Cruz Fiallos, Hamilton Tarley"]
[Result "1-0"]
[WhiteElo "1892"]
[BlackElo "1836"]
[PlyCount "113"]
[EventDate "2016.01.25"]
[EventType "swiss"]
[EventRounds "5"]
[EventCountry "GGB"]
[SourceTitle "BritBase"]
[Source "www.saund.co.uk"]
[SourceDate "2018.02.10"]
[SourceVersion "1"]
[SourceVersionDate "2018.02.10"]
[SourceQuality "1"]

1. e4 e6 2. d4 d5 3. Nd2 c5 4. exd5 exd5 5. Ngf3 Nf6 6. Bb5+ Bd7 7. Bxd7+ Nbxd7
8. O-O Be7 9. dxc5 Nxc5 10. Nd4 O-O 11. N2b3 Re8 12. Be3 Nce4 13. Re1 Qd7 14.
f3 Nc5 15. Nxc5 Bxc5 16. Qd2 h6 17. c3 Bb6 18. Kh1 Re7 19. Bf2 Rae8 20. Rxe7
Rxe7 21. Re1 Rxe1+ 22. Qxe1 Qa4 23. Qb1 Qc4 24. Kg1 g6 25. a3 Nd7 26. Qe1 Qd3
27. h3 Bc7 28. g3 Ne5 29. Kg2 a6 30. f4 Nc4 31. Qe8+ Kg7 32. Nf3 Qc2 33. Kg1
Qb1+ 34. Ne1 Bb6 35. Bxb6 Nxb6 36. Qe5+ Kh7 37. Qe7 Kg7 38. Qe5+ Kf8 39. Qd6+
Kg8 40. Qxb6 Qxe1+ 41. Kg2 Qe4+ 42. Kf2 Qe7 43. Kf3 h5 44. Qd4 Qe6 45. g4 hxg4+
46. hxg4 Qe1 47. Qe5 Qh1+ 48. Kg3 Qg1+ 49. Kh4 Qf2+ 50. Kg5 Qb6 51. Kh6 Kf8 52.
Qxd5 g5+ 53. Kxg5 Qxb2 54. Qc5+ Kg7 55. Qd4+ Kh7 56. Kf6 Qb3 57. Qe4+ 1-0

[Event "Tradewise Gibraltar AmatWk1"]
[Site "Gibraltar"]
[Date "2016.01.28"]
[Round "4.5"]
[White "Christophe-Hayot, Romain"]
[Black "Guardia Bencomo, Tomas"]
[Result "1-0"]
[WhiteElo "1824"]
[BlackElo "1863"]
[PlyCount "101"]
[EventDate "2016.01.25"]
[EventType "swiss"]
[EventRounds "5"]
[EventCountry "GGB"]
[SourceTitle "BritBase"]
[Source "www.saund.co.uk"]
[SourceDate "2018.02.10"]
[SourceVersion "1"]
[SourceVersionDate "2018.02.10"]
[SourceQuality "1"]

1. e4 c6 2. Nf3 d5 3. e5 Bg4 4. Be2 e6 5. b3 Nd7 6. Bb2 Ne7 7. d4 c5 8. c3 Nc6
9. O-O Be7 10. c4 cxd4 11. cxd5 exd5 12. Nxd4 Bxe2 13. Qxe2 Nxd4 14. Bxd4 O-O
15. Qb5 Nb6 16. Nc3 Ba3 17. Rab1 Qe7 18. Nxd5 Nxd5 19. Qxd5 Rfd8 20. Qe4 Qb4
21. Rfd1 Rac8 22. e6 f6 23. Qe3 Qd6 24. h3 b6 25. b4 Bxb4 26. e7 Qxe7 27. Qb3+
Kf8 28. Qxb4 Qxb4 29. Rxb4 Rc2 30. Ra1 Rd6 31. Be3 Kf7 32. a4 h6 33. a5 bxa5
34. Rb7+ Kg6 35. Rxa7 Rd5 36. R7xa5 Rxa5 37. Rxa5 h5 38. h4 Rc7 39. Kh2 f5 40.
Ra6+ Kh7 41. Bg5 Rc3 42. Re6 Rb3 43. Re5 Kg6 44. Re3 Rb4 45. f4 Ra4 46. Rg3 Re4
47. Bd8+ Kh6 48. Bc7 Rc4 49. Be5 g6 50. Rd3 Rc6 51. Rd8 1-0

[Event "Tradewise Gibraltar AmatWk1"]
[Site "Gibraltar"]
[Date "2016.01.28"]
[Round "4.6"]
[White "Iglesias Fernandez, Luis"]
[Black "Dennis, Nigel W"]
[Result "1-0"]
[WhiteElo "1862"]
[BlackElo "1820"]
[PlyCount "69"]
[EventDate "2016.01.25"]
[EventType "swiss"]
[EventRounds "5"]
[EventCountry "GGB"]
[SourceTitle "BritBase"]
[Source "www.saund.co.uk"]
[SourceDate "2018.02.10"]
[SourceVersion "1"]
[SourceVersionDate "2018.02.10"]
[SourceQuality "1"]

1. d4 Nf6 2. Nc3 d5 3. Bf4 e6 4. e3 a6 5. Bd3 c5 6. dxc5 Bxc5 7. Nf3 Nc6 8. O-O
O-O 9. a3 b5 10. e4 d4 11. Ne2 Nh5 12. Bg5 f6 13. Bd2 e5 14. Nh4 g6 15. f4 exf4
16. Nxf4 Nxf4 17. Bxf4 g5 18. Qh5 gxf4 19. Qxc5 Ne5 20. Rxf4 Be6 21. Nf5 Qb8
22. Qe7 Bxf5 23. Rxf5 Ra7 24. Qe6+ Raf7 25. Rxf6 Nxd3 26. cxd3 Kg7 27. Rxf7+
Rxf7 28. Qg4+ Kh8 29. Rc1 Rf8 30. Qg5 Qe8 31. Rc7 Rf7 32. Rxf7 Qxf7 33. Qd8+
Kg7 34. Qxd4+ Kf8 35. Qc5+ 1-0

[Event "Tradewise Gibraltar AmatWk1"]
[Site "Gibraltar"]
[Date "2016.01.28"]
[Round "4.7"]
[White "Kuenitz, Klaus"]
[Black "Selva Salvador, Antonio"]
[Result "1-0"]
[WhiteElo "1778"]
[BlackElo "1862"]
[PlyCount "103"]
[EventDate "2016.01.25"]
[EventType "swiss"]
[EventRounds "5"]
[EventCountry "GGB"]
[SourceTitle "BritBase"]
[Source "www.saund.co.uk"]
[SourceDate "2018.02.10"]
[SourceVersion "1"]
[SourceVersionDate "2018.02.10"]
[SourceQuality "1"]

1. d4 Nf6 2. c4 e5 3. dxe5 Ne4 4. Nf3 Bb4+ 5. Bd2 Nxd2 6. Nbxd2 Nc6 7. a3 Bxd2+
8. Qxd2 Qe7 9. Qc3 b6 10. e3 Bb7 11. b4 O-O 12. b5 Na5 13. Be2 Rfe8 14. O-O
Rad8 15. Rfd1 Bxf3 16. Bxf3 Qxe5 17. Qc2 Re6 18. Ra2 Rh6 19. g3 Qe6 20. h4 Qxc4
21. Be2 Qxc2 22. Rxc2 c5 23. bxc6 Rxc6 24. Rcd2 Rc7 25. Bb5 Nb3 26. Rxd7 Rcxd7
27. Rxd7 Rxd7 28. Bxd7 Kf8 29. h5 Ke7 30. Bf5 h6 31. Kg2 Kf6 32. Bc2 Nd2 33. a4
Ke5 34. f4+ Kd5 35. g4 Kc5 36. g5 Kb4 37. Kg3 Nb3 38. Bg6 Kxa4 39. gxh6 gxh6
40. Bxf7 Nc5 41. Kg4 Ne4 42. Bg6 Nf6+ 43. Kf5 Nd5 44. e4 Nc7 45. Bf7 b5 46. Kg6
b4 47. Kxh6 b3 48. Bxb3+ Kxb3 49. Kg6 Ne6 50. h6 a5 51. Kf7 Nxf4 52. h7 1-0

[Event "Tradewise Gibraltar AmatWk1"]
[Site "Gibraltar"]
[Date "2016.01.28"]
[Round "4.8"]
[White "Garcia-Blazquez Perez, Manuel"]
[Black "Hodgson, Jeremy K"]
[Result "0-1"]
[WhiteElo "1858"]
[BlackElo "1818"]
[PlyCount "58"]
[EventDate "2016.01.25"]
[EventType "swiss"]
[EventRounds "5"]
[EventCountry "GGB"]
[SourceTitle "BritBase"]
[Source "www.saund.co.uk"]
[SourceDate "2018.02.10"]
[SourceVersion "1"]
[SourceVersionDate "2018.02.10"]
[SourceQuality "1"]

1. e4 c5 2. Nf3 d6 3. d4 cxd4 4. Qxd4 Nc6 5. Bb5 Bd7 6. Bxc6 Bxc6 7. c4 Nf6 8.
Nc3 g6 9. O-O Bg7 10. Rd1 O-O 11. Qd3 Rc8 12. Be3 b6 13. h3 Bb7 14. Rac1 Nd7
15. b3 Nc5 16. Qc2 Bxc3 17. Qxc3 Nxe4 18. Qb2 f6 19. Bh6 Rf7 20. Rd4 Qd7 21.
Re1 Nc5 22. Nh4 g5 23. Rg4 Nd3 24. Qc3 Nxe1 25. Bxg5 Rg7 26. Bh6 Rxg4 27. hxg4
Qxg4 28. Qxe1 Qxh4 29. Qe6+ Kh8 0-1